| 000 | 00706nam a22002417a 4500 | ||
|---|---|---|---|
| 003 | BUBTL | ||
| 008 | 130617b xxu||||| |||| 00| 0 eng d | ||
| 024 | _cAvailable | ||
| 037 | _cAvailable | ||
| 040 |
_aMBSTU LIBRARY _dMBSTU LIBRARY |
||
| 082 | _a677BEU | ||
| 100 | _aBelal, Shah Alimuzzaman. | ||
| 245 | _aUnderstanding Textiles For A Merchandiser | ||
| 260 |
_aDhaka : _bBMN Foundation, _cc2009. |
||
| 300 |
_a645 p. : _bill. ; _g24 cm. |
||
| 600 | _2Merchandiser. | ||
| 650 | 0 |
_2Merchandiser. _91043 _aTextile Engineering |
|
| 856 |
_k0 _l0 _yDownload |
||
| 270 |
_aDhaka _bDhaka _dBangladesh |
||
| 365 |
_b888.00 _d888.00 |
||
| 942 |
_2ddc _cBK |
||
| 999 |
_c483 _d483 |
||